6-Letter Movies Slideshow Quiz Stats

Quiz Updated Mar 11, 2015

Challenge
Share
Tweet
Score 0/22 Timer 08:00
12 Plays Today
% Correct
Batman
99.7%
Avatar
99%
Grease
93.1%
Popeye
86.2%
Gandhi
83.2%
Scream
75.4%
Carrie
72.2%
Amélie
71.1%
Casino
70.9%
Patton
63.8%
Amelia
59.6%
% Correct
Capote
57.4%
Splash
49.7%
Arthur
48%
Snatch
46%
Sahara
40.7%
Ransom
39.4%
Fletch
39%
Cocoon
34%
Eraser
26.3%
Junior
24.7%
Closer
22.3%

You're not logged in!

Compare scores with friends on all Sporcle quizzes.
Join for Free
OR
Log In

You Might Also Like...

Show Comments

Extras

Top Quizzes Today


Score Distribution

Your Account Isn't Verified!

In order to create a playlist on Sporcle, you need to verify the email address you used during registration. Go to your Sporcle Settings to finish the process.

Report this User

Report this user for behavior that violates our Community Guidelines.

Details: